On This Day: June 29th Quiz Stats

 Plays Quiz Updated Jun 29, 2017

Support Sporcle.
Go Orange.
Score 0/7 Timer 03:00
1 Play Today
Question Answer Wrong Answers
This London theater, often associated with William Shakespeare, burns to the ground.
1613
Globe Theatre
88.1%
Royal Opera House
5.8%
Gaiety Theatre
1.3%
Abbey Theatre
4.7%
The first generation of this smartphone is released.
2007
iPhone
86.3%
Windows Phone
2.1%
Android
7.1%
Amazon's Fire Phone
0.8%
This woman is sworn in as the first female President of Argentina.
1974
Isabel Perón
74.1%
Cristina Fernández de Kirchner
14.8%
Michelle Bachelet
4.7%
Laura Chinchilla
3.8%
The Federal Aid Highway Act of 1956 is signed by this president, officially creating the United States Interstate Highway System.
1956
Dwight D. Eisenhower
73.7%
Harry S. Truman
13.1%
Franklin D. Roosevelt
7.7%
John F. Kennedy
3.8%
The Islamic State of Iraq and the Levant proclaims itself to be a worldwide ______.
2014
Caliphate
71%
Empire
15%
Monarchy
3.9%
Dynasty
6.1%
NASA’s Space Shuttle Atlantis docks with this Russian space station for the first time.
1995
MIR
67%
Skylab
11.8%
ISS
10%
Salyut 1
7.9%
France annexes this Polynesian island, now a popular tourist destination.
1880
Tahiti
64.4%
Fiji
30.2%
Guam
3.1%
Kiribati
1.5%

You're not logged in!

Compare scores with friends on all Sporcle quizzes.
OR
Log In
Forgot?

From the Vault

Germany vs. Argentina: World Cup 2014 Final

by RobPro

After 62 matches and 167 goals, the 2014 World Cup is finally coming to an end. We can't wait for 2018.
Remove Ads.
Support Sporcle.
Get the best of Sporcle when you Go Orange. This ad-free experience offers more features, more stats, and more fun while also helping to support Sporcle. Thank you for becoming a member.

Show Comments

Extras

Top Quizzes Today


Score Distribution

Your Account Isn't Verified!

In order to create a playlist on Sporcle, you need to verify the email address you used during registration. Go to your Sporcle Settings to finish the process.

Report this User

Report this user for behavior that violates our Community Guidelines.

Details: